Transformers - Combaticons - Statistiques

Statistiques générales
  • Ce quiz a été pris 46 fois
  • Le résultat moyen est 5 sur 5
Statistiques - réponses
Réponse % Correct
Vortex
100%
Brawl
95%
Onslaught
95%
Swindle
95%
Blast-Off
91%
Aucun quiz correspondant
Distribution des résultats
% des personnes avec chaque résultat
Percentile par nombre de réponses
Votre historique - résultats
Vous n’avez pas pris ce quiz